| 000 | 01382nam a2200361 c 4500 | ||
|---|---|---|---|
| 003 | BLK | ||
| 005 | 20250513113941.0 | ||
| 008 | 180411b bul|||||r ||||||| ||bul|| | ||
| 010 | _aKNG00186521000 | ||
| 020 |
_a978-619-171-023-2 _bиздат.: Orange Books |
||
| 040 | _aBLK | ||
| 041 |
_aBUL _cBUL |
||
| 072 | 7 |
_2bullib _aН83 _xЧужда художествена литература Н |
|
| 080 |
_aАмериканска литература (на САЩ) _b821.111(73) _x-31 _z821.111(73)-31 |
||
| 100 | 1 |
_aКоул, Кортни _eпърви автор _9341178 |
|
| 700 | 1 |
_aЙоханова, Гергана _eпрев. _9383464 |
|
| 139 |
_aКоул, Кортни _bК 87 |
||
| 245 | 1 | 0 |
_aАко останеш _bРоман _cКортни Коул; прев. Гергана Йоханова. |
| 257 | _aUSA | ||
| 260 |
_аСофия _bOrange Books _c2015 _fКостинброд : Мултипринт |
||
| 300 |
_a256 с. _c21 см |
||
| 380 | _aX | ||
| 490 | 1 |
_aПоредица Красиво пречупени _vКн. 1 |
|
| 500 | _aОриг. загл. If You Stay / Courney Cole. | ||
| 653 | _aромани | ||
| 659 | _aН | ||
| 852 | _aЦб 279531 | ||
| 856 | 4 |
_qpdf _u |
|
| 856 | 4 |
_qpdf _u |
|
| 942 |
_cKNG _n0 _025 |
||
| 944 |
_aCR _c15.02.2016 _lРадостина Карадакова _k30534 |
||
| 944 |
_aED _c23.08.2016 _lф / _kПенка_Димитрова |
||
| 999 |
_c177824 _d177824 |
||